Relativistic quantum theory

Gespeichert in:
Bibliographische Detailangaben
Hauptverfasser: Berestetskii, V. B (VerfasserIn), Pitaevskii, L. P (VerfasserIn)
Weitere Verfasser: Lifshitz, Eugenii Mikhailovich (autor)
Format: Buch
Sprache:Englisch
Veröffentlicht: Oxford Pergamon 1971
Schriftenreihe:Course of Theoretical Physics, 4
Schlagworte:
Tags: Tag hinzufügen
Keine Tags, Fügen Sie den ersten Tag hinzu!

MARC

LEADER 00000nam a2200000 a 4500
001 UCU3798
003 CL-VaPUC
008 960510e19710000UK |||||||||||||||||eng|d
082 0 4 |a 530.11  |b BER  |2 21 
100 0 |a Berestetskii, V. B  |e author  |9 360931 
700 |a Lifshitz, Eugenii Mikhailovich  |e autor  |9 561317 
700 0 |a Pitaevskii, L. P  |e author  |9 360933 
245 1 0 |a Relativistic quantum theory 
300 |a v 
942 |c BK 
945 |d 19960510 00:00:00  |a paguirre 
260 |a Oxford  |b Pergamon  |c 1971 
650 7 |a FOTONES  |2 CL-VaPUC  |9 322929 
650 7 |a ELECTRONES  |2 CL-VaPUC  |9 322158 
650 0 |a Física teórica  |9 345827 
650 0 |a Relatividad general (Física)  |9 338525 
650 7 |a NUMEROS CUANTICOS  |2 CL-VaPUC  |9 360934 
583 |a last modification  |c 19960510 00:00:00  |k Rodrigo Vera 
490 0 |a Course of Theoretical Physics, 4 
999 |c 247683  |d 247681 
952 |0 0  |1 0  |4 0  |6 530_110000000000000_BER_1971  |7 0  |8 A  |9 263768  |a BIBING  |b BIBING  |d 2019-11-19  |h v.1  |i 1653393  |o 530.11 BER 1971  |p 1653393  |r 2025-01-20  |w 2019-11-19  |y BK  |k EIE